Title in the Lyrics - Marilyn Manson - Statistics

General Stats
  • This quiz has been taken 187 times
  • The average score is 10 of 15
Answer Stats
Lyrics % Correct
{The} {beautiful} {people}, {the} {beautiful} {people} / It's all relative to the size of your steeple
89%
We're all stars, now, in {the} {dope} {show}
86%
{I} {don}'{t} {like} {the} {drugs} {but} {the} {drugs} {like} {me} / I don't like the drugs, the drugs the drugs
83%
We are {the} {nobodies} / Wanna be somebodies / When we're dead / They'll know just who we are
81%
You came to see the {mobscene} / I know it isn't your scene
77%
I was born into this, everything turns to shit / The boy that you loved is the {man} {that} {you} {fear}
66%
{Deep} {six}, six, six feet deep
65%
Don't break don't break my heart / And I won't break your {heart}-{shaped} {glasses}
64%
I wanna live, I wanna love / But it's a {long} {hard} {road} {out} {of} {hell}
64%
Take your hatred out on me / Make your victim my head / You never ever believed in me / I am your {tourniquet}
64%
{Rock} {is} {dead}er than dead / Shock is all in your head
61%
I got my {lunchbox} and I'm armed real well
58%
I know it's {the} {last} {day} {on} {Earth} / We'll be together while the planet dies
46%
I'm un-stabled, I'm not a show horse / I can't be bridled, of course / I'm un-scabbed and un-regretted / I got {tattooed} {in} {reverse}
41%
I don't know which me that I love / Got {no} {reflection}
36%
No matching quizzes found
Score Distribution
Percent of People with Each Score
Percentile by Number Answered
Your Score History
You have not taken this quiz